[Event "Mittelfrank Regionalliga Nord-West 2223"]
[Site "Mittelfranken"]
[Date "2022.10.23"]
[Round "2.8"]
[White "Stingl, Karlheinz"]
[Black "Sauer, Thomas"]
[Result "0-1"]
[WhiteElo "1833"]
[BlackElo "1711"]
[PlyCount "106"]
[EventDate "2022.10.09"]
[EventType "team-tourn"]
[EventRounds "9"]
[EventCountry "GER"]
[SourceTitle "EXT 2024"]
[Source "ChessBase"]
[SourceDate "2023.10.10"]
[SourceVersion "1"]
[SourceVersionDate "2023.10.10"]
[SourceQuality "1"]
[WhiteTeam "Marktleuthen"]
[BlackTeam "Stetten"]
[WhiteTeamCountry "GER"]
[BlackTeamCountry "GER"]

1. d4 d5 2. e4 dxe4 3. Nc3 Nf6 4. f3 exf3 5. Qxf3 e6 6. Bd3 Nc6 7. Nge2 Nb4 8. Bg5 Nxd3+ 9. cxd3 Be7 10. 0-0 0-0 11. Rac1 c6 12. Be3 Nd5 13. Bf2 Nxc3 14. Nxc3 Bf6 15. Qe4 Re8 16. Rce1 Rb8 17. Kh1 Bd7 18. Bg3 Rc8 19. Be5 Bxe5 20. dxe5 Rf8 21. Re3 f5 22. exf6 Rxf6 23. Ref3 Rxf3 24. Qxf3 Qe7 25. Qe3 Rf8 26. Re1 a6 27. a3 Qf6 28. Kg1 Qf4 29. Qc5 Qd2 30. Qe3 Qxb2 31. Ne4 Qxa3 32. h4 Qb4 33. h5 e5 34. Kh1 Rf4 35. g3 Rf5 36. g4 Rf3 37. Qxf3 Qxe1+ 38. Kg2 Qh4 39. Nf2 Qf6 40. Qe2 Qf4 41. Qa2+ Qf7 42. Qe2 Qd5+ 43. Kg3 b5 44. Ne4 a5 45. h6 Qf7 46. hxg7 Qf4+ 47. Kh3 h5 48. Nf2 Bxg4+ 49. Nxg4 Qxg4+ 50. Qxg4 hxg4+ 51. Kxg4 a4 52. Kf5 a3 53. Kxe5 a2 0-1

[Event "Regionalliga NW 1314"]
[Site "Bayern"]
[Date "2014.04.06"]
[Round "9.1"]
[White "Ostermeyer, Peter"]
[Black "Stingl, Karlheinz"]
[Result "1-0"]
[WhiteElo "2302"]
[BlackElo "1843"]
[PlyCount "137"]
[EventDate "2013.10.13"]
[EventType "team-tourn"]
[EventRounds "9"]
[EventCountry "GER"]
[SourceTitle "EXT 2015"]
[Source "ChessBase"]
[SourceDate "2014.11.20"]
[SourceVersion "1"]
[SourceVersionDate "2014.11.20"]
[SourceQuality "1"]
[WhiteTeam "Rottendorf"]
[BlackTeam "Thiersheim"]
[WhiteTeamCountry "GER"]
[BlackTeamCountry "GER"]

1. e4 e6 2. d4 d5 3. exd5 exd5 4. Nf3 Nf6 5. Bd3 Bd6 6. 0-0 0-0 7. h3 c6 8. Bg5 Be6 9. Re1 Nbd7 10. Nbd2 Qc7 11. c3 Bf4 12. Bxf4 Qxf4 13. Ne5 Nxe5 14. dxe5 Nd7 15. Nf3 Nc5 16. Bc2 f5 17. Qc1 Qxc1 18. Raxc1 Rae8 19. Nd4 Bc8 20. f4 Ne4 21. h4 a6 22. Nf3 b5 23. a4 Bb7 24. axb5 axb5 25. Nd4 g6 26. Ra1 Nc5 27. Ra7 Ra8 28. Rea1 Rxa7 29. Rxa7 Ra8 30. Rxa8+ Bxa8 31. Kf2 Kf7 32. h5 Na4 33. Bxa4 bxa4 34. hxg6+ hxg6 35. Ke3 Bb7 36. g3 Ke7 37. Kd2 Kd7 38. b4 Ba6 39. Nc2 Bc4 40. Ke3 Ke7 41. Kd4 Kd7 42. Kc5 Bb5 43. Na3 Ke7 44. Kb6 Kd7 45. Kb7 Kd8 46. Kb6 Kd7 47. Kc5 Ke6 48. Kd4 Kd7 49. Ke3 Bf1 50. Kd2 Ke6 51. Nc2 Bb5 52. Kc1 Ke7 53. Kb2 Kd7 54. Ka3 Ke7 55. Ne3 Ke6 56. Nd1 g5 57. Nb2 gxf4 58. gxf4 d4 59. c4 Ba6 60. Kxa4 d3 61. Kb3 d2 62. Kc3 Kf7 63. Kxd2 Kg6 64. Kc3 Kh5 65. Nd3 Bc8 66. Nc5 Kg6 67. b5 cxb5 68. cxb5 Kh5 69. Kd4 1-0

[Event "Oberfranken-ch"]
[Site "Lichtenfels"]
[Date "2014.01.03"]
[Round "1"]
[White "Schulz, Lukas"]
[Black "Stingl, Karlheinz"]
[Result "0-1"]
[WhiteElo "1923"]
[BlackElo "1869"]
[PlyCount "79"]
[EventDate "2014.01.03"]
[EventType "swiss"]
[EventRounds "7"]
[EventCountry "GER"]
[SourceTitle "EXT 2019"]
[Source "ChessBase"]
[SourceDate "2018.10.10"]
[SourceVersion "1"]
[SourceVersionDate "2018.10.10"]
[SourceQuality "1"]

1. e4 e5 2. f4 d5 3. exd5 c6 4. Qe2 cxd5 5. fxe5 Nc6 6. c3 Bf5 7. d4 Be7 8. Nf3 g5 9. Be3 h5 10. g3 h4 11. gxh4 g4 12. Nfd2 Bxh4+ 13. Bf2 Bg5 14. Bg2 Qd7 15. Nb3 b6 16. Bg3 Nge7 17. N1d2 Ng6 18. 0-0 Be6 19. a4 Nce7 20. a5 0-0 21. Nc1 Kg7 22. Nd3 Qb5 23. c4 dxc4 24. Ne1 Qxb2 25. Bxa8 Rxa8 26. Qf2 Qxd2 27. Qxd2 Bxd2 28. axb6 a5 29. Nc2 Rb8 30. Be1 c3 31. Rxa5 Rxb6 32. Bxd2 cxd2 33. Rd1 Rb2 34. Rxd2 Nd5 35. Rc5 Ne3 36. Re2 Nd5 37. Kf2 Ngf4 38. Rd2 Bf5 39. Ke1 Rb1+ 40. Kf2 0-1

[Event "Regionalliga NW 1314"]
[Site "Bayern"]
[Date "2013.12.15"]
[Round "4.2"]
[White "Herbst, Christoph"]
[Black "Stingl, Karlheinz"]
[Result "1-0"]
[WhiteElo "2032"]
[BlackElo "1843"]
[PlyCount "85"]
[EventDate "2013.10.13"]
[EventType "team-tourn"]
[EventRounds "9"]
[EventCountry "GER"]
[SourceTitle "EXT 2015"]
[Source "ChessBase"]
[SourceDate "2014.11.20"]
[SourceVersion "1"]
[SourceVersionDate "2014.11.20"]
[SourceQuality "1"]
[WhiteTeam "Bad Neustadt"]
[BlackTeam "Thiersheim"]
[WhiteTeamCountry "GER"]
[BlackTeamCountry "GER"]

1. e4 e5 2. Nf3 Nc6 3. Bc4 Bc5 4. c3 Nf6 5. 0-0 0-0 6. d4 Bd6 7. Re1 b6 8. Bg5 Re8 9. dxe5 Bxe5 10. Bd5 Rb8 11. Bxc6 Qe7 12. Bd5 c6 13. Bb3 d6 14. Nxe5 dxe5 15. Qf3 Rd8 16. Nd2 h6 17. Bxf6 Qxf6 18. Qxf6 gxf6 19. Rad1 b5 20. Nf1 Be6 21. Ne3 a5 22. Rxd8+ Rxd8 23. Rd1 Rc8 24. Bxe6 fxe6 25. Rd7 c5 26. Ng4 c4 27. Nxf6+ Kf8 28. Rb7 b4 29. cxb4 c3 30. bxc3 Rxc3 31. g3 Rc1+ 32. Kg2 Rb1 33. a3 Rb3 34. Nd7+ Ke8 35. Nc5 a4 36. Nxa4 Rxa3 37. Nc5 h5 38. b5 h4 39. b6 Rc3 40. Rc7 Kf8 41. Nxe6+ Ke8 42. Rxc3 Kd7 43. b7 1-0

[Event "Feffernitz Raika op 20th"]
[Site "Feffernitz"]
[Date "2011.08.27"]
[Round "8"]
[White "Stingl, Karlheinz"]
[Black "Jeraj, Zlatko"]
[Result "0-1"]
[WhiteElo "1883"]
[BlackElo "2109"]
[PlyCount "74"]
[EventDate "2011.08.21"]
[EventType "swiss"]
[EventRounds "9"]
[EventCountry "AUT"]
[SourceTitle "CBM 144 Extra"]
[Source "ChessBase"]
[SourceDate "2011.10.28"]
[SourceVersion "1"]
[SourceVersionDate "2011.10.28"]
[SourceQuality "1"]

1. d4 d5 2. e4 dxe4 3. Nc3 Nf6 4. f3 exf3 5. Qxf3 c6 6. h3 Qxd4 7. Be3 Qb4 8. 0-0-0 Be6 9. Rd4 Qa5 10. Ra4 Qf5 11. Qd1 Nd5 12. Nxd5 Qxd5 13. Rd4 Qa5 14. Ne2 Nd7 15. Nc3 g6 16. Ra4 Qc7 17. Bf4 Qd8 18. g4 Bg7 19. Ne4 0-0 20. Bd3 a5 21. h4 b5 22. Ra3 b4 23. Rb3 Bxb3 24. cxb3 Ne5 25. Bxe5 Bxe5 26. Qe2 a4 27. Bc4 a3 28. Kb1 axb2 29. Nc5 Qd4 30. Qc2 Kg7 31. h5 Qxc5 32. hxg6 hxg6 33. g5 Rxa2 34. Qe4 Ra1+ 35. Kc2 Rxh1 36. Qxh1 Qf2+ 37. Kb1 Qf5+ 0-1

[Event "Feffernitz Raika op 20th"]
[Site "Feffernitz"]
[Date "2011.08.22"]
[Round "3"]
[White "Maryasin, Boris Feliksovich"]
[Black "Stingl, Karlheinz"]
[Result "1-0"]
[WhiteElo "2321"]
[BlackElo "1883"]
[PlyCount "29"]
[EventDate "2011.08.21"]
[EventType "swiss"]
[EventRounds "9"]
[EventCountry "AUT"]
[SourceTitle "CBM 144 Extra"]
[Source "ChessBase"]
[SourceDate "2011.10.28"]
[SourceVersion "1"]
[SourceVersionDate "2011.10.28"]
[SourceQuality "1"]

1. e4 c5 2. Nf3 a6 3. c3 g6 4. d4 e6 5. Bg5 Qc7 6. Bd3 Bg7 7. 0-0 Nc6 8. dxc5 Ne5 9. b4 Nxd3 10. Qxd3 a5 11. Na3 axb4 12. Nb5 Qc6 13. cxb4 e5 14. Nd6+ Kf8 15. Qc4 1-0

[Event "Feffernitz Raika op 18th"]
[Site "Feffernitz"]
[Date "2009.08.20"]
[Round "6"]
[White "Gehrmann, Rudolf Rainer"]
[Black "Stingl, Karlheinz"]
[Result "1-0"]
[WhiteElo "2092"]
[BlackElo "1913"]
[PlyCount "81"]
[EventDate "2009.08.16"]
[EventType "swiss"]
[EventRounds "9"]
[EventCountry "AUT"]
[SourceTitle "CBM 131 Extra"]
[Source "ChessBase"]
[SourceDate "2009.09.03"]
[SourceVersion "2"]
[SourceVersionDate "2009.09.16"]
[SourceQuality "1"]

1. c4 f5 2. Nc3 Nf6 3. g3 e5 4. Bg2 c6 5. e4 d6 6. d4 Qc7 7. Nge2 fxe4 8. Nxe4 Nbd7 9. N2c3 Be7 10. 0-0 0-0 11. Be3 Nxe4 12. Nxe4 exd4 13. Qxd4 Ne5 14. Bf4 Bh3 15. c5 Bxg2 16. Kxg2 Rxf4 17. gxf4 d5 18. Qxe5 Qxe5 19. fxe5 dxe4 20. Rac1 Rd8 21. Rfd1 Rf8 22. Rd7 Bh4 23. Rc2 Rf5 24. Rxb7 Rxe5 25. Rxa7 Be7 26. b4 Kf7 27. Rd2 Ke6 28. Rc7 Kf5 29. Rdd7 Bf6 30. Rxc6 Kf4 31. Rxf6+ gxf6 32. h4 h5 33. c6 e3 34. Rd4+ Kf5 35. fxe3 Rxe3 36. Rc4 Re8 37. b5 Ke5 38. c7 Rc8 39. b6 Kd6 40. b7 Rxc7 41. b8Q 1-0

[Event "Oberfranken-ch M 0809"]
[Site "Schney"]
[Date "2009.01.02"]
[Round "1"]
[White "Stingl, Karlheinz"]
[Black "Sieber, Heiko"]
[Result "0-1"]
[WhiteElo "1913"]
[BlackElo "2075"]
[PlyCount "46"]
[EventDate "2009.01.02"]
[EventType "swiss"]
[EventRounds "7"]
[EventCountry "GER"]
[SourceTitle "CBM 128 Extra"]
[Source "ChessBase"]
[SourceDate "2009.03.05"]
[SourceVersion "2"]
[SourceVersionDate "2009.03.25"]
[SourceQuality "1"]

1. d4 d5 2. e3 Nf6 3. Bd3 c5 4. c3 b6 5. Nd2 Bb7 6. f4 e6 7. Ngf3 Nbd7 8. 0-0 g6 9. Ne5 Bg7 10. Rf3 0-0 11. Rh3 Nxe5 12. fxe5 Ne4 13. Nf3 f6 14. exf6 Bxf6 15. Bd2 Bc8 16. Bxe4 dxe4 17. Ne5 Bxe5 18. dxe5 Qd5 19. Be1 Ba6 20. Bf2 Qxe5 21. Qa4 Bd3 22. Qd7 Rf7 23. Bg3 Qf6 0-1

[Event "Feffernitz Raika op 17th"]
[Site "Feffernitz"]
[Date "2008.08.22"]
[Round "7"]
[White "Juhasz, Kristof"]
[Black "Stingl, Karlheinz"]
[Result "1-0"]
[WhiteElo "2175"]
[BlackElo "1915"]
[PlyCount "133"]
[EventDate "2008.08.17"]
[EventType "swiss"]
[EventRounds "9"]
[EventCountry "AUT"]
[SourceTitle "CBM 126 Extra"]
[Source "ChessBase"]
[SourceDate "2008.11.05"]
[SourceVersion "1"]
[SourceVersionDate "2008.11.05"]
[SourceQuality "1"]

1. Nf3 f5 2. d3 d5 3. c4 e6 4. cxd5 exd5 5. g3 Bd6 6. Bg2 Nf6 7. 0-0 0-0 8. Nc3 c6 9. e4 fxe4 10. dxe4 dxe4 11. Ng5 Qe7 12. Ngxe4 Bc7 13. Bg5 Nbd7 14. Rc1 Qb4 15. Qc2 Bb6 16. Bf4 Re8 17. Nd6 Re6 18. Rcd1 Nf8 19. Nxc8 Rxc8 20. Bh3 Ree8 21. Bxc8 Rxc8 22. Qb3+ Qxb3 23. axb3 Ng6 24. Be3 Bc7 25. Bd4 Ng4 26. Bxa7 b6 27. Na4 b5 28. Nc3 N6e5 29. Bc5 Nf3+ 30. Kg2 Nge5 31. Ne2 g5 32. h3 h5 33. Nd4 g4 34. Ne6 Kf7 35. Nxc7 gxh3+ 36. Kxh3 Rxc7 37. Bd6 Rc8 38. Bxe5 Nxe5 39. Rd6 Ng6 40. Rc1 Ne7 41. Rh6 Rd8 42. Rc2 Rd3 43. Rxh5 Rxb3 44. Rh7+ Kf6 45. Rh6+ Kf7 46. Rd6 Rb4 47. f4 Rb3 48. Kg4 c5 49. Rdd2 c4 50. Rc3 Rb4 51. b3 cxb3 52. Rb2 Rd4 53. Rcxb3 Ng6 54. Rxb5 Re4 55. Kf3 Re1 56. Ra2 Re7 57. g4 Kg7 58. Rb6 Rf7 59. f5 Nf8 60. Kf4 Nh7 61. Raa6 Kh8 62. g5 Nf8 63. Rd6 Kg8 64. g6 Rg7 65. Kg5 Nh7+ 66. Kf4 Nf8 67. Ra8 1-0

[Event "Feffernitz Raika op 17th"]
[Site "Feffernitz"]
[Date "2008.08.21"]
[Round "6"]
[White "Stingl, Karlheinz"]
[Black "Mayer, Martin"]
[Result "1-0"]
[WhiteElo "1915"]
[BlackElo "2067"]
[PlyCount "124"]
[EventDate "2008.08.17"]
[EventType "swiss"]
[EventRounds "9"]
[EventCountry "AUT"]
[SourceTitle "CBM 126 Extra"]
[Source "ChessBase"]
[SourceDate "2008.11.05"]
[SourceVersion "1"]
[SourceVersionDate "2008.11.05"]
[SourceQuality "1"]

1. d4 d5 2. e3 Nf6 3. Bd3 e6 4. Nd2 c5 5. c3 Nc6 6. f4 Bd6 7. Ne2 c4 8. Bc2 b5 9. 0-0 Ng4 10. Nf3 f5 11. Ng3 0-0 12. h3 Nf6 13. Ne5 Bd7 14. Nxd7 Qxd7 15. Qf3 Ne4 16. Nxe4 fxe4 17. Qf2 Ne7 18. Bd1 a5 19. a4 b4 20. b3 cxb3 21. cxb4 Bxb4 22. Bxb3 Rab8 23. Bd1 Nf5 24. Be2 Qa7 25. g4 Nd6 26. Ba3 Bxa3 27. Rxa3 Rb2 28. Rc1 Nc4 29. Rac3 Qb6 30. Qf1 Nd2 31. Qd1 g5 32. R3c2 Rxc2 33. Rxc2 Nf3+ 34. Bxf3 exf3 35. fxg5 Qb3 36. Kf2 Qb8 37. Qg1 Qb3 38. Qc1 Qxa4 39. Rc7 Qb5 40. Qc2 Qe2+ 41. Qxe2 fxe2+ 42. Kxe2 Ra8 43. Rc3 a4 44. Ra3 Kg7 45. Kf3 h6 46. gxh6+ Kxh6 47. h4 Kg6 48. Kf4 Kh6 49. Ke5 Ra6 50. Kf6 Kh7 51. g5 Kg8 52. h5 Kh7 53. h6 Kg8 54. g6 e5+ 55. Kg5 exd4 56. exd4 Ra8 57. Kf5 Ra7 58. Kg5 Ra6 59. Re3 Ra8 60. h7+ Kg7 61. Re7+ Kh8 62. Kh6 a3 1-0

[Event "Feffernitz Raika op 16th"]
[Site "Feffernitz"]
[Date "2007.08.20"]
[Round "3"]
[White "Stingl, Karlheinz"]
[Black "Laustsen, Kate"]
[Result "1-0"]
[WhiteElo "1947"]
[BlackElo "1571"]
[PlyCount "101"]
[EventDate "2007.08.19"]
[EventType "swiss"]
[EventRounds "9"]
[EventCountry "AUT"]
[SourceTitle "EXT 2008"]
[Source "ChessBase"]
[SourceDate "2007.11.25"]
[SourceVersion "1"]
[SourceVersionDate "2007.11.25"]
[SourceQuality "1"]

1. d4 Nf6 2. e3 d6 3. Bd3 g6 4. Nd2 Bg7 5. Ne2 0-0 6. 0-0 Nbd7 7. c3 e6 8. Ng3 Qe7 9. f4 b6 10. Qf3 Rb8 11. e4 e5 12. f5 Bb7 13. d5 c6 14. c4 Nc5 15. Bc2 Rbc8 16. b4 Ncd7 17. Bd3 Kh8 18. Rb1 Rc7 19. Ne2 Ng8 20. g4 g5 21. Ng3 f6 22. Nh5 Bh6 23. Rb3 Ra8 24. Kf2 Qf7 25. Rh1 a6 26. Qe2 Ne7 27. Nf3 Qg8 28. h4 a5 29. hxg5 Bxg5 30. Nxg5 fxg5 31. Be3 Rf8 32. bxa5 bxa5 33. c5 Nc8 34. Rxb7 Rxb7 35. dxc6 Rc7 36. cxd7 Rxd7 37. c6 Rc7 38. Bc4 Rff7 39. Nf6 Qd8 40. Bxf7 Qxf6 41. Bd5 Qd8 42. Qd2 Rg7 43. Rh5 h6 44. Rxh6+ Rh7 45. Rxh7+ Kxh7 46. Bxg5 Qb6+ 47. Be3 Qd8 48. Kg3 Kg7 49. Qb2 Qf6 50. g5 Qd8 51. Qh2 1-0

[Event "Feffernitz Raika op 16th"]
[Site "Feffernitz"]
[Date "2007.08.19"]
[Round "2"]
[White "Wiedermann, Franz"]
[Black "Stingl, Karlheinz"]
[Result "1-0"]
[WhiteElo "2091"]
[BlackElo "1947"]
[PlyCount "63"]
[EventDate "2007.08.19"]
[EventType "swiss"]
[EventRounds "9"]
[EventCountry "AUT"]
[SourceTitle "EXT 2008"]
[Source "ChessBase"]
[SourceDate "2007.11.25"]
[SourceVersion "1"]
[SourceVersionDate "2007.11.25"]
[SourceQuality "1"]

1. d4 f5 2. g3 Nf6 3. Bg2 c6 4. Nd2 d5 5. c4 e6 6. Nh3 Bd6 7. 0-0 0-0 8. Qc2 Bd7 9. Rb1 Be8 10. c5 Bc7 11. Nf3 Ne4 12. Bf4 Bxf4 13. Nxf4 Qe7 14. Qb3 Na6 15. Nxe6 Qxe6 16. Qxb7 Bh5 17. Qxa6 Bxf3 18. exf3 Ng5 19. h4 Nf7 20. Rfe1 Qf6 21. f4 Nh6 22. Rbd1 Ng4 23. Bf3 h6 24. Bxg4 fxg4 25. Re5 Rab8 26. Qe2 Qg6 27. h5 Qh7 28. Re1 Kh8 29. b3 Rb4 30. Qxg4 Rxd4 31. Re8 Qg8 32. Qc8 1-0

[Event "Feffernitz Raika op 13th"]
[Site "Feffernitz"]
[Date "2004.08.22"]
[Round "9"]
[White "Tscheinig, Gert"]
[Black "Stingl, Karlheinz"]
[Result "1-0"]
[WhiteElo "1986"]
[BlackElo "1837"]
[PlyCount "67"]
[EventDate "2004.08.14"]
[EventType "swiss"]
[EventRounds "9"]
[EventCountry "AUT"]
[SourceTitle "EXT 2005"]
[Source "ChessBase"]
[SourceDate "2004.11.15"]
[SourceVersion "1"]
[SourceVersionDate "2004.11.15"]
[SourceQuality "1"]

1. e4 c6 2. d4 d5 3. e5 Bf5 4. Nc3 e6 5. g4 Bg6 6. Bd3 a5 7. a4 Bb4 8. h4 f6 9. f4 Bxc3+ 10. bxc3 Bxd3 11. cxd3 Nh6 12. Ba3 f5 13. g5 Ng4 14. Rb1 b6 15. h5 Nd7 16. Bd6 Ra7 17. Nf3 Rb7 18. Nh2 Nxh2 19. Rxh2 b5 20. Rhb2 Qb6 21. axb5 c5 22. Qa4 Kf7 23. Ra2 Ra8 24. Ke2 cxd4 25. cxd4 h6 26. Ke3 Qd8 27. Rg2 hxg5 28. Rxg5 Nf6 29. exf6 gxf6 30. Rg6 Qxd6 31. Rbg1 Qf8 32. h6 e5 33. Rg7+ Ke6 34. Rxb7 1-0

[Event "Feffernitz Raika op 13th"]
[Site "Feffernitz"]
[Date "2004.08.20"]
[Round "7"]
[White "Haselhorst, Helmut"]
[Black "Stingl, Karlheinz"]
[Result "1-0"]
[WhiteElo "2121"]
[BlackElo "1837"]
[PlyCount "149"]
[EventDate "2004.08.14"]
[EventType "swiss"]
[EventRounds "9"]
[EventCountry "AUT"]
[SourceTitle "EXT 2005"]
[Source "ChessBase"]
[SourceDate "2004.11.15"]
[SourceVersion "1"]
[SourceVersionDate "2004.11.15"]
[SourceQuality "1"]

1. d4 f5 2. Nf3 Nf6 3. g3 e6 4. Bg2 c6 5. 0-0 Bd6 6. c4 Na6 7. Nc3 0-0 8. e4 fxe4 9. Ng5 Be7 10. Ngxe4 Nxe4 11. Bxe4 d5 12. Bb1 Qe8 13. Bf4 Rxf4 14. gxf4 dxc4 15. Ne4 Nb4 16. Re1 Qg6+ 17. Ng5 Nd3 18. Bxd3 cxd3 19. Kh1 h6 20. Nf3 b6 21. Ne5 Qf5 22. Qg4 Qxg4 23. Nxg4 Bb4 24. Re3 Ba6 25. Rd1 Rd8 26. a3 Bf8 27. Ne5 Rxd4 28. Nxd3 Bc4 29. f3 a5 30. Kg2 Bd6 31. Re4 Rxd3 32. Rxd3 Bxd3 33. Rd4 Bxa3 34. bxa3 Bb5 35. Rd7 Bc4 36. Ra7 Kh7 37. Kf2 Kg6 38. Ke3 Kf6 39. h3 g6 40. h4 h5 41. Kf2 b5 42. Rxa5 Ke7 43. Ke3 Ba2 44. Ra7+ Kf6 45. Rc7 Bd5 46. Kf2 e5 47. Ke3 Ke6 48. Rc8 exf4+ 49. Kxf4 Kd7 50. Rh8 Bb3 51. Ke5 Kc7 52. f4 Bc2 53. Rf8 Kb6 54. Kd6 Be4 55. Rb8+ Ka5 56. Kc5 Ka4 57. Re8 Bd5 58. Re3 Ka5 59. Kd4 Ka4 60. Rg3 Bh1 61. Rxg6 Kxa3 62. Kc5 b4 63. Rg1 Bd5 64. Kd4 Kb2 65. Rf1 b3 66. Rf2+ Ka3 67. Kc3 Ka4 68. f5 c5 69. f6 Bf7 70. Re2 Bg6 71. Rg2 Be8 72. Rg8 Bf7 73. Ra8+ Kb5 74. Ra7 Be8 75. f7 1-0

[Event "Feffernitz Raika op 13th"]
[Site "Feffernitz"]
[Date "2004.08.19"]
[Round "6"]
[White "Stingl, Karlheinz"]
[Black "Emberger, Rene"]
[Result "1/2-1/2"]
[WhiteElo "1837"]
[BlackElo "2118"]
[PlyCount "47"]
[EventDate "2004.08.14"]
[EventType "swiss"]
[EventRounds "9"]
[EventCountry "AUT"]
[SourceTitle "EXT 2005"]
[Source "ChessBase"]
[SourceDate "2004.11.15"]
[SourceVersion "1"]
[SourceVersionDate "2004.11.15"]
[SourceQuality "1"]

1. d4 g6 2. e3 Bg7 3. Bd3 Nf6 4. Nd2 0-0 5. f4 d6 6. c3 c5 7. Ngf3 Nc6 8. 0-0 Bg4 9. h3 Bd7 10. Ne4 Nxe4 11. Bxe4 cxd4 12. exd4 Qb6 13. Kh2 e6 14. b3 Rac8 15. Bb2 Ne7 16. Nd2 Bc6 17. Nc4 Qd8 18. Bxc6 Rxc6 19. Ne3 Qb6 20. Qd2 Rd8 21. Rad1 a6 22. Rf3 Qc7 23. c4 d5 24. c5 1/2-1/2

[Event "Feffernitz Raika op 13th"]
[Site "Feffernitz"]
[Date "2004.08.18"]
[Round "5"]
[White "Stingl, Karlheinz"]
[Black "Callam, Hannes"]
[Result "0-1"]
[WhiteElo "1837"]
[BlackElo "2148"]
[PlyCount "72"]
[EventDate "2004.08.14"]
[EventType "swiss"]
[EventRounds "9"]
[EventCountry "AUT"]
[SourceTitle "EXT 2005"]
[Source "ChessBase"]
[SourceDate "2004.11.15"]
[SourceVersion "1"]
[SourceVersionDate "2004.11.15"]
[SourceQuality "1"]

1. d4 c5 2. e3 Nf6 3. c3 e6 4. Bd3 b6 5. Qf3 Nc6 6. Nd2 Bb7 7. Qh3 Be7 8. a4 Qc8 9. Ngf3 Ba6 10. Bb5 0-0 11. 0-0 Bxb5 12. axb5 Na5 13. Ng5 h6 14. Ngf3 d5 15. Ne5 c4 16. f4 Bd6 17. Ndf3 Ne4 18. g4 Qe8 19. g5 Bxe5 20. dxe5 Nb3 21. Ra2 Qxb5 22. gxh6 g6 23. Ng5 Qc5 24. Nxe6 fxe6 25. Qxe6+ Kh8 26. Qe7 Rg8 27. Rf3 Nxc1 28. Rxa7 Rxa7 29. Qxa7 Qc8 30. h3 Nd2 31. Rf2 Qxh3 32. Rxd2 Qxe3+ 33. Rf2 Nd3 34. Kg2 Qxf2+ 35. Kh3 Qf3+ 36. Kh4 Qxf4+ 0-1

[Event "Seebach op 15th"]
[Site "Grossenseebach"]
[Date "2004.06.17"]
[Round "1"]
[White "Stingl, Karlheinz"]
[Black "Dreiseitel, Ursula"]
[Result "1-0"]
[WhiteElo "1833"]
[BlackElo "1347"]
[PlyCount "49"]
[EventDate "2004.06.17"]
[EventType "swiss"]
[EventRounds "7"]
[EventCountry "GER"]
[SourceTitle "EXT 2018"]
[Source "ChessBase"]
[SourceDate "2017.10.13"]
[SourceVersion "1"]
[SourceVersionDate "2017.10.13"]
[SourceQuality "1"]

1. d4 Nf6 2. e3 d6 3. Bd3 g6 4. Nd2 Bg7 5. c3 0-0 6. f4 Nbd7 7. Ngf3 c5 8. 0-0 Nd5 9. Nb3 cxd4 10. exd4 b6 11. Ng5 N7f6 12. f5 e5 13. Qf3 Bd7 14. Ne4 Bc6 15. Nxf6+ Qxf6 16. Be4 Rac8 17. Bxd5 Bb5 18. Rf2 g5 19. Be3 h6 20. Nd2 Rc7 21. Ne4 Qd8 22. f6 exd4 23. fxg7 dxe3 24. gxf8Q+ Kxf8 25. Qxe3 1-0

[Event "Seebach op 15th"]
[Site "Grossenseebach"]
[Date "2004.06.17"]
[Round "7"]
[White "Stingl, Karlheinz"]
[Black "Linsenmeyer, Mario"]
[Result "1-0"]
[WhiteElo "1833"]
[BlackElo "1711"]
[PlyCount "97"]
[EventDate "2004.06.17"]
[EventType "swiss"]
[EventRounds "7"]
[EventCountry "GER"]
[SourceTitle "EXT 2018"]
[Source "ChessBase"]
[SourceDate "2017.10.13"]
[SourceVersion "1"]
[SourceVersionDate "2017.10.13"]
[SourceQuality "1"]

1. d4 g6 2. e3 Bg7 3. f4 Nf6 4. Bd3 b6 5. Qe2 Bb7 6. Nd2 Nc6 7. c3 d6 8. Nh3 0-0 9. 0-0 Re8 10. f5 e5 11. fxg6 fxg6 12. Bb5 Re7 13. Rxf6 Bxf6 14. Bxc6 Bxc6 15. Qc4+ Kh8 16. Qxc6 exd4 17. Ne4 Bg7 18. cxd4 Qe8 19. Qxe8+ Raxe8 20. Nc3 Rf8 21. Bd2 c5 22. d5 Bxc3 23. bxc3 c4 24. Nf2 Ref7 25. Rf1 g5 26. e4 h6 27. Be3 Kh7 28. Rb1 Kg6 29. Rb4 Rc7 30. Bd4 Re8 31. Kf1 h5 32. h3 g4 33. hxg4 hxg4 34. g3 Kh5 35. Be3 Rb8 36. Bf4 a5 37. Rb1 Rd7 38. Kg2 b5 39. Rh1+ Kg6 40. Rh6+ Kg7 41. Rxd6 Rbb7 42. Rc6 Re7 43. d6 Re8 44. e5 Kf7 45. Nxg4 Ke6 46. Nf6 Rd8 47. Kf3 Rf8 48. Ke4 Rd8 49. Kd4 1-0